000 00341nam a22001577a 4500
003 0
005 20220114142413.0
008 0
040 _c0
050 _aP140
_b.L7558 1999
100 _aAitchinson, Jean
245 _aLinguistics
_cJean Aitchinson
260 _aUSA:
_bMcGraw Hill;
_cc1999
300 _a245 pages;
_c21 cm.
942 _2lcc
_cFR
999 _c3158
_d3158